000 01289cab a22002415a 4500
001 L142981
008 080328e2008 xxk 000 0 eng d
035 _a(Sirsi) u142981
041 0 _aeng
100 1 _aParmiter, John
245 0 0 _aFinding common ground
260 _c2008
490 _aPlanning
_v(1761) 21 March 2008, 16-17(2)
520 _aProvides an overview of mediation as it applies to the planning process. Discusses the need to use a model for mediation which extends far beyond the appeals process. Argues that planning delivery agreements could include mediation in their structure. Covers some guidance for mediation which does already exist in the planning system, including local development framework preparation. Covers the key features required of mediation and alternative dispute resolution.
590 _aKA
650 2 4 _aTOWN AND COUNTRY PLANNING (INQUIRIES PROCEDURE) (ENGLAND) RULES 2000
650 2 4 _aPLANNING POLICY STATEMENT 12
651 4 _aUnited Kingdom
_y
690 _aMANAGEMENT-DISPUTE AVOIDANCE, MANAGEMENT AND RESOLUTION-DISPUTE MANAGEMENT AND RESOLUTION-ALTERNATIVE DISPUTE RESOLUTION-ASSISTED NEGOTIATION-MEDIATION
690 _aENVIRONMENTAL AND LAND CONSULTANCY-PLANNING AND DEVELOPMENT
700 1 _aPhillips, Jeremy
942 _n0
999 _c79998
_d79998